[Event "XXVI Belgrade Trophy 2012"]
[Site "Belgrade SRB"]
[Date "2012.11.26"]
[Round "3.41"]
[White "Stosic,S"]
[Black "Marinkov,S"]
[Result "1-0"]
[WhiteElo "2168"]
[BlackElo "1898"]

1.d4 Nf6 2.Bg5 Ne4 3.Bh4 d5 4.f3 Nd6 5.Nc3 c5 6.dxc5 Nf5 7.Bf2 d4 8.Ne4 e5
9.g4 Nh6 10.e3 Nc6 11.c3 f5 12.exd4 fxe4 13.d5 exf3 14.dxc6 Qxd1+ 15.Rxd1 bxc6
16.h3 e4 17.Rd4 Bxc5 18.Rxe4+ Be7 19.Bc5 Ng8 20.Rh2 Kf8 21.Bxe7+ Nxe7 22.Rf2 a5
23.Rxf3+ Ke8 24.Rfe3 Ra7 25.Nf3 Rc7 26.Nd4 c5 27.Bb5+ Kf7 28.Bc4+ Kf8 29.Nb5 Rd7
30.Be6  1-0

[Event "XXVI Belgrade Trophy 2012"]
[Site "Belgrade SRB"]
[Date "2012.11.30"]
[Round "7.39"]
[White "Stosic,S"]
[Black "Mihajlovic,Mil"]
[Result "0-1"]
[WhiteElo "2168"]
[BlackElo "1924"]

1.d4 Nf6 2.Bg5 Ne4 3.Bh4 c5 4.f3 Nf6 5.d5 d6 6.e4 Nbd7 7.a4 g6 8.Na3 Bg7
9.Nc4 Nb6 10.c3 O-O 11.g4 Bd7 12.Bg3 Nxc4 13.Bxc4 Qc7 14.h4 Rab8 15.Qd3 Qa5
16.Ra3 Bxa4 17.Bb3 Bb5 18.Qd2 Qb6 19.h5 Bd7 20.Bh4 Rfc8 21.Nh3 c4 22.Bd1 e6
23.hxg6 fxg6 24.Nf4 exd5 25.Bxf6 Bxf6 26.Nxd5 Qd8 27.Qh6 Bg7 28.Qxh7+ Kf7
29.Qh2 Bc6 30.Ne3 Qg5 31.Nxc4 Rh8 32.Qg1 Rxh1 33.Qxh1 d5 34.Na5 Qe3+ 35.Kf1 Bb5+
36.c4 Qc1 37.cxb5 Qxd1+ 38.Kg2 Qe2+ 39.Kg3 Rh8 40.Qg2 Be5+  0-1

[Event "TCh-AUT 2 East 2012-13"]
[Site "Austria AUT"]
[Date "2012.12.01"]
[Round "5.5"]
[White "Hechl,G"]
[Black "Wiedner,R"]
[Result "1-0"]
[WhiteElo "2220"]
[BlackElo "2133"]

1.d4 Nf6 2.Bg5 Ne4 3.Bf4 d5 4.f3 Nd6 5.Nc3 Nf5 6.e3 c6 7.Bd3 e6 8.Nh3 Nd7
9.Bxf5 exf5 10.Qd3 Nf6 11.O-O-O Bb4 12.Ne2 Be6 13.Ng3 Qd7 14.Be5 Be7 15.Nf4 g6
16.Qb3 a5 17.Nd3 a4 18.Qc3 O-O 19.h4 h5 20.Nf4 b5 21.Qe1 Ne8 22.Nh3 Bxh4
23.Nf4 Qe7 24.Rh3 g5 25.Rxh4 gxh4 26.Ngxh5 Qg5 27.g3 h3 28.Qh1 Bd7 29.Nf6+ Nxf6
30.Qxh3 Rfd8 31.Rh1 Kf8 32.Bd6+ Ke8 33.Qh8+ Ng8 34.Qe5+ Be6 35.Nxe6 f6 36.Nc7+ Kf7
37.Qe6+ Kg7 38.Nxa8 Qg6 39.Nc7  1-0

[Event "TCh-HUN 2012-13"]
[Site "Budapest HUN"]
[Date "2012.12.02"]
[Round "5"]
[White "Izsak,Gyu"]
[Black "Bagi,M"]
[Result "1/2-1/2"]
[WhiteElo "2471"]
[BlackElo "2334"]

1.d4 Nf6 2.Bg5 Ne4 3.Bf4 c5 4.d5 Qb6 5.Bc1 e6 6.f3 Nf6 7.e4 Bd6 8.Nc3 exd5
9.exd5 O-O 10.Bc4 a6 11.a4 Qc7 12.g3 Re8+ 13.Nge2 Be5 14.O-O d6 15.Rf2 Nbd7
16.f4 Bxc3 17.Nxc3 Nb6 18.Be2 Ne4 19.Nxe4 Rxe4 20.Bf3 Rxa4 21.Rxa4 Nxa4 22.b3 Nb6
23.Re2 Qd8 24.Qe1 Bd7 25.Bb2 Qf8 26.Qa5 Qd8 27.Qc3 Qf8 28.Qa5 Qd8 29.Qc3  1/2-1/2

[Event "TCh-HUN 2012-13"]
[Site "Nagykanizsa HUN"]
[Date "2012.12.02"]
[Round "5"]
[White "Galyas,M"]
[Black "Doery,J"]
[Result "1-0"]
[WhiteElo "2429"]
[BlackElo "2278"]

1.d4 Nf6 2.Bg5 Ne4 3.Bf4 d5 4.f3 Nf6 5.e4 dxe4 6.Nc3 e3 7.Bxe3 Bf5 8.Nge2 e6
9.g4 Bg6 10.h4 h5 11.Nf4 Bh7 12.g5 Nd5 13.Ncxd5 exd5 14.g6 Bxg6 15.Nxg6 fxg6
16.Bd3 Be7 17.Bxg6+ Kf8 18.Qd3 Bxh4+ 19.Kd2 Bf6 20.Rxh5 Rxh5 21.Bxh5 Nc6
22.Rh1 Ne7 23.Bg4 Qd6 24.Rh8+ Ng8 25.Qh7 Kf7 26.f4 Qb4+ 27.Ke2 Qxb2 28.Qf5 Qb5+
29.Kf2 Qc6 30.c4 Rd8 31.cxd5 Qxd5 32.Qxd5+ Rxd5 33.Rxg8 Bxd4 34.Rc8 Bb6 35.Bxb6 cxb6
36.Ke3 Ra5 37.Bd1 g5 38.Rc7+ Kf6 39.Bb3 gxf4+ 40.Kxf4 Rf5+ 41.Ke4 Re5+ 42.Kd4 Re7
43.Rxe7 Kxe7 44.Bd5  1-0

[Event "Vietnam National Masters Men 2012"]
[Site "Ho Chi Minh City VIE"]
[Date "2012.12.04"]
[Round "8.5"]
[White "Duong The Anh"]
[Black "Nguyen Duc Hoa"]
[Result "1/2-1/2"]
[WhiteElo "2368"]
[BlackElo "2503"]

1.d4 Nf6 2.Bg5 Ne4 3.Bf4 c5 4.f3 Qa5+ 5.c3 Nf6 6.d5 Qb6 7.Bc1 e6 8.e4 exd5
9.exd5 g6 10.Na3 d6 11.Bg5 Be7 12.Qd2 O-O 13.O-O-O Qd8 14.h4 a6 15.Ne2 b5
16.Nf4 Nbd7 17.Bh6 Re8 18.h5 Ne5 19.hxg6 fxg6 20.Ne6 Bxe6 21.dxe6 Bf8 22.Bxf8 Kxf8
23.f4 Neg4 24.Bd3 Rxe6 25.f5 Re5 26.fxg6 h5 27.Rhe1 Ra7 28.Rxe5 dxe5 29.Bf5 Qxd2+
30.Rxd2 Kg7 31.Nc2 Nh6 32.Bc8 Kxg6 33.Rd6 Nf5 34.Rxa6 Rxa6 35.Bxa6 Nd6 36.Na3 b4
37.cxb4 cxb4 38.Nc4 Nxc4 39.Bxc4 Kf5 40.Kc2 Kf4 41.Kb3 Kg3 42.Kxb4 Kxg2 43.a4 h4
44.a5 h3 45.a6 h2 46.a7 h1=Q 47.a8=Q+ e4 48.Qc6 Qh6 49.Kb5 Qg5+ 50.Ka6 Kf2
51.b4 e3 52.b5 Qf5 53.b6 Nd7 54.Qd6 Nc5+ 55.Ka7 Ke1 56.b7 Nxb7 57.Kxb7 Qe4+
58.Qc6 Qd4  1/2-1/2

[Event "119th ch-SCO 2012"]
[Site "Glasgow SCO"]
[Date "2012.12.07"]
[Round "6"]
[White "Bannink,B"]
[Black "Grove,Michael"]
[Result "1-0"]
[WhiteElo "2258"]
[BlackElo "1955"]

1.d4 Nf6 2.Bg5 Ne4 3.Bf4 c5 4.f3 Qa5+ 5.c3 Nf6 6.Nd2 cxd4 7.Nb3 Qb6 8.Qxd4 Qxd4
9.cxd4 d5 10.e3 Nc6 11.Rc1 e6 12.g4 Bb4+ 13.Kf2 O-O 14.a3 Be7 15.Bd3 Nd7
16.Ne2 e5 17.Bg3 e4 18.fxe4 dxe4 19.Bb1 f5 20.gxf5 Rxf5+ 21.Kg2 Nf6 22.Nc3 Be6
23.Nd2 Ng4 24.Rhe1 Bg5 25.d5 Nxe3+ 26.Rxe3 Bxe3 27.dxc6 bxc6 28.Rd1 Rd8 29.Ndxe4 Rxd1
30.Nxd1 Bc1 31.Nec3 Rc5 32.b4 Rg5 33.a4 h5 34.Ne4 Bd5 35.Nc3 Kh8 36.Nxd5 Rxd5
37.Kf3 Rd4 38.Bd6 Bb2 39.Bc5 Rd1 40.Bc2 Rc1 41.Bd3 Ba3 42.a5 Rd1 43.Nf2 Rd2
44.a6 Rb2 45.Bxa7 Bxb4 46.Bb6 Bd6 47.a7 Ra2 48.Kg2 Be5 49.Be4 Bc7 50.Bd4 Be5
51.Bxe5 Rxa7 52.Bxc6 Re7 53.Nd3 Kh7 54.h4 Rf7 55.Be4+ Kh6 56.Bd4 g6 57.Be3+  1-0

[Event "ch-IRI 2012"]
[Site "Zahedan IRI"]
[Date "2012.12.07"]
[Round "1.10"]
[White "Faghirnavaz,A"]
[Black "Bakhtiari Kish,M"]
[Result "1-0"]
[WhiteElo "2317"]
[BlackElo "2162"]

1.d4 Nf6 2.Bg5 Ne4 3.Bf4 c5 4.f3 Qa5+ 5.c3 Nf6 6.d5 Qb6 7.Bc1 e6 8.c4 Qb4+
9.Bd2 Qxb2 10.Nc3 Qb6 11.e4 d6 12.f4 e5 13.f5 Be7 14.Bd3 Nbd7 15.Nh3 h5 16.O-O Qd8
17.a4 Kf8 18.a5 Ne8 19.Qc1 Kg8 20.Ng5 Nf8 21.g3 Nf6 22.h3 N6h7 23.Nf3 g5
24.Kg2 Nd7 25.Be2 Kf8 26.Nh2 h4 27.gxh4 gxh4 28.Nf3 Ndf6 29.Nh2 Rg8+ 30.Kh1 Rg3
31.Be1 Rxh3 32.Qh6+ Ke8 33.Bf3 Bf8 34.Qd2 Rg3 35.Qe2 Bh6 36.Bf2 Bf4 37.Rg1 Ng5
38.Bxg3 hxg3 39.Ng4 Ke7 40.Nxf6 Kxf6 41.Kg2 Rb8 42.Rh1 Kg7 43.Bg4 Bd7 44.Qd3 Qf6
45.Ne2 Rh8 46.Rxh8 Kxh8 47.Rf1 Ba4 48.Nxf4 exf4 49.Rxf4 Qb2+ 50.Be2 f6 51.Rh4+ Kg7
52.Kxg3 Bc2 53.Qe3 Qe5+ 54.Qf4 Bxe4 55.Qxe5 fxe5 56.Kg4 Nf7 57.Rh3 Kf6 58.Rb3 Bxf5+
59.Kg3 Bc8 60.Bg4 Bxg4 61.Kxg4 Nd8 62.Rf3+ Ke7 63.Kf5 Kd7 64.Rh3 b6 65.Rh7+ Kc8
66.a6  1-0

[Event "4th London Classic Open"]
[Site "London ENG"]
[Date "2012.12.08"]
[Round "8.2"]
[White "Kiik,K"]
[Black "Rowson,J"]
[Result "1/2-1/2"]
[WhiteElo "2437"]
[BlackElo "2586"]

1.d4 Nf6 2.Bg5 Ne4 3.h4 c5 4.dxc5 Na6 5.Qd4 Nexc5 6.Nc3 f6 7.Bd2 e5 8.Qc4 b5
9.Nxb5 d5 10.Qc3 Be7 11.e3 O-O 12.Qa5 Qd7 13.O-O-O Qb7 14.Be1 Rb8 15.b3 Bd7
16.Nc3 Nb4 17.Nxd5 Nxd5 18.Rxd5 Rfc8 19.Bc4 Be6 20.e4 Nxe4 21.Rb5 Qd7  1/2-1/2

[Event "22nd TCh-SLO 2012"]
[Site "Slovenia SLO"]
[Date "2012.12.08"]
[Round "8"]
[White "Brumen,D"]
[Black "Gostisa,L"]
[Result "1/2-1/2"]
[WhiteElo "2357"]
[BlackElo "2419"]

1.d4 Nf6 2.Bg5 Ne4 3.Bf4 d5 4.e3 c6 5.f3 Nd6 6.Bd3 Na6 7.c3 Qb6 8.b3 c5 9.Ne2 Bf5
10.O-O e6 11.Kh1 Bxd3 12.Qxd3 Be7 13.Nd2 O-O 14.g4 Rac8 15.Rg1 Qb5 16.c4 Qc6
17.cxd5 exd5 18.Rac1 c4 19.Qb1 b5 20.a4 b4 21.Bxd6 Bxd6 22.bxc4 dxc4 23.Nxc4 Qxf3+
24.Rg2 Be7 25.Qd3 Rfd8 26.Ne5 Qb7 27.Qb3 Bf6 28.Nd3 Bg5 29.Rf1 Re8 30.Ne5 Bf6
31.Nf3 Nc7 32.g5 Be7 33.Nf4 Bd6 34.g6 hxg6 35.Ng5 Rf8 36.e4 Be7 37.Nxf7 Rxf7
38.Nxg6 Nd5 39.Nxe7+ Qxe7 40.Qxd5 Qb7 41.Qe6 Qd7 42.Qxd7 Rxd7 43.d5 Re8 44.Rg4 Rde7
45.Rfg1 b3 46.e5 b2 47.e6 Rd8 48.Rb4 Rxd5 49.Rxb2 Re5 50.Rb8+ Kh7 51.Rb4  1/2-1/2

[Event "Bundesliga 2012-13"]
[Site "Griesheim GER"]
[Date "2012.12.09"]
[Round "6"]
[White "Schneider,Il"]
[Black "Palac,M"]
[Result "0-1"]
[WhiteElo "2489"]
[BlackElo "2600"]

1.d4 Nf6 2.Bg5 Ne4 3.Bf4 c5 4.f3 Qa5+ 5.c3 Nf6 6.Nd2 cxd4 7.Nb3 Qd8 8.cxd4 e6
9.e4 Nc6 10.Ne2 d5 11.Nc3 dxe4 12.fxe4 Bb4 13.Bd3 e5 14.dxe5 Nd7 15.e6 fxe6
16.Bc4 Nde5 17.Qxd8+ Kxd8 18.O-O-O+ Ke7 19.Rhf1 Bxc3 20.Bb5 Bxb2+ 21.Kxb2 h6
22.Na5 Rd8 23.Rxd8 Kxd8 24.Bxc6 Nxc6 25.Nxc6+ bxc6 26.Be5 Bd7 27.Rf7 g6 28.Rg7 Be8
29.Kc3 c5 30.Bc7+ Kc8 31.Bd6 a5 32.Kc4 Ra6 33.Bxc5 Rc6 34.Ra7 a4 35.Ra8+ Kd7
36.Rxa4 Rc7 37.e5 Rb7 38.Ra6 Rb2 39.Rd6+ Kc8 40.Rxe6 Bf7 41.Kc3 Rb5 42.Rc6+ Kb7
43.Rf6 Rxc5+ 44.Kd4 Rc4+ 45.Kd3 Rc7 46.e6 Be8 47.Kd4 Rc2 48.Ke5 Rxa2 49.Rf8 Bb5
50.e7 Rxg2 51.Kf6 g5 52.h4 g4 53.e8=Q Bxe8 54.Rxe8 Rh2 55.Re7+ Kc6 56.Re6+ Kd7
57.Re7+ Kd8 58.Rh7 Rxh4 59.Ke6 Rh1 60.Kd6 Ke8 61.Ke6 Kf8 62.Kf6 Rf1+ 63.Kg6 h5  0-1

[Event "4th Penang Heritage City Open"]
[Site "Penang MAS"]
[Date "2012.12.12"]
[Round "3.12"]
[White "Manaog,Stewart"]
[Black "Ng Tze Han"]
[Result "0-1"]
[WhiteElo "2088"]
[BlackElo "2294"]

1.d4 Nf6 2.Bg5 Ne4 3.Bh4 c5 4.f3 g5 5.fxe4 gxh4 6.Qd2 cxd4 7.Qxd4 Rg8 8.Nf3 Bh6
9.e5 e6 10.Nbd2 Nc6 11.Qe4 Rg6 12.Nc4 f5 13.Nd6+ Kf8 14.Qd3 Qa5+ 15.c3 Nxe5
16.Nxe5 Qxe5 17.Nxc8 Rxc8 18.Qxd7 Rxc3 19.Rd1 Rc7 20.Qd8+ Kf7 21.Rd7+ Rxd7
22.Qxd7+ Kg8 23.Qc8+ Bf8 24.Qxb7 Qa5+ 25.Kd1 e5 26.Qb3+ Kh8 27.Qc3 Qd5+ 28.Qd3 Qxa2
29.Qxf5 Qa1+ 30.Kd2 Qxb2+ 31.Ke1 Qc1+ 32.Kf2 Bc5+  0-1

[Event "4th Penang Heritage City Open"]
[Site "Penang MAS"]
[Date "2012.12.13"]
[Round "6.11"]
[White "Nguyen Van Hai"]
[Black "Wong,J"]
[Result "1-0"]
[WhiteElo "2356"]
[BlackElo "2044"]

1.d4 Nf6 2.Bg5 Ne4 3.Bf4 c5 4.f3 Nf6 5.d5 d6 6.c4 e5 7.Bd2 g6 8.Nc3 Bg7 9.e4 Na6
10.a3 Nh5 11.g3 O-O 12.Qc2 f5 13.exf5 gxf5 14.Bd3 Qf6 15.O-O-O Bh6 16.Nge2 Bxd2+
17.Qxd2 Nc7 18.Rhg1 Ng7 19.g4 f4 20.h4 Qxh4 21.Rh1 Qe7 22.Bxh7+ Kf7 23.Rh6 Ke8
24.Ne4 Kd7 25.Rxd6+ Qxd6 26.Nxd6 Kxd6 27.Qd3 Nce8 28.Nc3 b6 29.Qg6+ Kd7  1-0

[Event "III ITT JAHV McGREGOR"]
[Site "Bogota COL"]
[Date "2012.12.15"]
[Round "6.52"]
[White "Baquero,Alvaro"]
[Black "Ruiz,Al"]
[Result "0-1"]
[WhiteElo "1846"]
[BlackElo "2168"]

1.d4 Nf6 2.Bg5 Ne4 3.Bf4 e6 4.Nf3 b6 5.e3 Bb7 6.Be2 Be7 7.Nbd2 O-O 8.Nxe4 Bxe4
9.Bd3 Bb7 10.Qe2 f5 11.O-O-O c5 12.dxc5 bxc5 13.Bc4 d5 14.a3 Nd7 15.Ba2 Bf6
16.c4 e5 17.Bg3 e4 18.Ne1 d4 19.exd4 cxd4 20.Bd6 d3 21.Nxd3 exd3 22.Qxd3 Re8
23.Qxf5 Be4 24.Qg4 Kh8 25.Bc5 Nxc5 26.Rxd8 Raxd8 27.Rd1 Nd3+ 28.Rxd3 Bxd3
29.Qg3 Re1+ 30.Kd2 Re2+ 31.Kc1 Bxb2+  0-1

[Event "Amplico ch-EUR Rapid"]
[Site "Warsaw POL"]
[Date "2012.12.16"]
[Round "11.27"]
[White "Sotsky,A"]
[Black "Fridman,D"]
[Result "1-0"]
[WhiteElo "2396"]
[BlackElo "2667"]

1.d4 Nf6 2.Bg5 Ne4 3.Bh4 d5 4.e3 c5 5.c3 Nc6 6.Nd2 Nd6 7.Bd3 c4 8.Bc2 Nf5
9.Bg3 Nxg3 10.hxg3 e5 11.dxe5 Nxe5 12.Ndf3 Ng4 13.Ba4+ Bd7 14.Qxd5 Bxa4 15.Qe4+ Qe7
16.Qxg4 Qc5 17.Rh5 Qc6 18.Ne2 f6 19.Qe4+ Kf7 20.Ned4 Qd7 21.Rxh7 Be7 22.Ke2 Bc6
23.Qh4 Rxh7 24.Qxh7 Rd8 25.Qh5+ Kg8 26.Rh1 Be4 27.Qh3 Qd5 28.Qe6+ Qxe6 29.Nxe6 Rd6
30.Ned4 Ra6 31.Ra1 Bc5 32.b4 cxb3 33.Nxb3 Ba3 34.Rd1 Bb2 35.Nc5 Bxf3+ 36.Kxf3 Rxa2
37.Rd2 a5 38.Nd3 a4 39.Nxb2 b5 40.Nc4 Ra1 41.Nd6 Rb1 42.Ra2 Kf8 43.c4 bxc4
44.Nxc4 Rb4 45.Nb2 a3 46.Nd3 Rb3 47.Ke4  1-0

[Event "19th Zadar Open A"]
[Site "Zadar CRO"]
[Date "2012.12.19"]
[Round "5.7"]
[White "Ivanov,Bor BUL"]
[Black "Zelcic,R"]
[Result "1-0"]
[WhiteElo "2227"]
[BlackElo "2560"]

1.d4 Nf6 2.Bg5 Ne4 3.Bf4 c5 4.f3 Qa5+ 5.c3 Nf6 6.d5 Qb6 7.b3 e6 8.e4 exd5
9.exd5 d6 10.Bc4 Be7 11.Ne2 Nh5 12.Be3 O-O 13.O-O f5 14.Nd2 Nd7 15.b4 Qc7
16.Re1 cxb4 17.cxb4 Ne5 18.Rc1 Bh4 19.g3 f4 20.Nxf4 Nxf4 21.Bxf4 Rxf4 22.gxf4 Nxc4
23.Re8+ Kf7 24.Qe2 b5 25.Nxc4 bxc4 26.Rxc4 Qb6+ 27.Kh1 Bd7 28.Rxa8 Qb7 29.Rh8 h6
30.Qe4 Bf6 31.Rc1 Qa6 32.Rg1  1-0

[Event "Ptuj Open 2012"]
[Site "Ptuj SLO"]
[Date "2012.12.24"]
[Round "4.5"]
[White "Spelec,D"]
[Black "Murko,David"]
[Result "0-1"]
[WhiteElo "2066"]
[BlackElo "1634"]

1.d4 Nf6 2.Bg5 Ne4 3.Bf4 d5 4.f3 Nf6 5.e4 dxe4 6.Nc3 Bf5 7.g4 Bg6 8.Qe2 c6
9.O-O-O Nd5 10.Nxd5 cxd5 11.Bg2 exf3 12.Nxf3 e6 13.Ng5 Be7 14.h4 O-O 15.Qe3 h6
16.Nf3 Nc6 17.g5 h5 18.Ne5 Bf5 19.Bf3 g6 20.Qe2 Bd6 21.Bxh5 gxh5 22.Qxh5 Nxe5
23.dxe5 Qc7 24.Qe2 Rac8 25.Rh2 Qc4 26.Qxc4 Rxc4 27.Bg3 Bc5 28.Rf1 Rc8 29.Bf4  0-1

[Event "Czech Christmas Open"]
[Site "Litomysl CZE"]
[Date "2012.12.27"]
[Round "2.4"]
[White "Sabol,M"]
[Black "Kubik,M"]
[Result "1-0"]
[WhiteElo "2341"]
[BlackElo "2140"]

1.d4 Nf6 2.Bg5 Ne4 3.Bf4 e6 4.f3 Bb4+ 5.c3 Bd6 6.Bxd6 Nxd6 7.e4 f5 8.e5 Nf7
9.f4 g5 10.fxg5 Qxg5 11.Nd2 b6 12.Ndf3 Qh6 13.Qc1 Qxc1+ 14.Rxc1 Nc6 15.Nh3 Ne7
16.Nf4 Ng6 17.Nh5 Bb7 18.Bc4 Ke7 19.O-O Rac8 20.Rce1 Bxf3 21.gxf3 Rhg8 22.Kh1 Nh4
23.Nf4 Ng5 24.Be2 Ng6 25.Ng2 d6 26.h4 Nf7 27.Ba6 Rcd8 28.exd6+ cxd6 29.Bd3 Kf6
30.h5 Ne7 31.Nf4 e5 32.Nh3 Rg3 33.Kh2 Rdg8 34.Rg1 Rxf3 35.Rxg8 Nxg8 36.Bc4 Ngh6
37.Kg2 e4 38.Be2 Re3 39.Nf4 Kg5 40.Nd5 Ng4 41.Nxe3 Nxe3+ 42.Kf2 f4 43.Rg1+ Kf5
44.Rg8 Nh6 45.Rf8+ Kg5 46.Re8 d5 47.c4 Nhg4+ 48.Bxg4 Nxg4+ 49.Ke1 f3 50.cxd5 Kf4
51.d6 Ke3 52.Rf8 f2+ 53.Rxf2 Nxf2 54.d7 Nd3+ 55.Kd1 Kf3 56.d8=Q e3 57.Qd5+  1-0

[Event "CXU Obro New Year 2012"]
[Site "Copenhagen DEN"]
[Date "2012.12.28"]
[Round "3.5"]
[White "Thuesen,M"]
[Black "Vesterli,M"]
[Result "1-0"]
[WhiteElo "2253"]
[BlackElo "2019"]

1.d4 Nf6 2.Bg5 Ne4 3.Bf4 c5 4.f3 Qa5+ 5.c3 Nf6 6.d5 Qb6 7.b3 e6 8.dxe6 dxe6
9.e4 Be7 10.Nd2 O-O 11.Nc4 Qc6 12.Ne5 Qb6 13.a4 Nh5 14.Nc4 Qd8 15.Qxd8 Rxd8
16.Be3 Nc6 17.Rd1 Rxd1+ 18.Kxd1 b6 19.Kc2 Ba6 20.Nh3 Bd8 21.Nf4 Nf6 22.Be2 Bc7
23.g3 h6 24.Rd1 Kf8 25.h4 Ke7 26.Na5 Nxa5 27.Bxa6 Rg8 28.g4 Nc6 29.Nd3 h5
30.Bb5 Nb8 31.g5 Nfd7 32.f4 Rd8 33.e5 a6 34.Bc4 Nf8 35.Rh1 Kd7 36.a5 Kc6
37.axb6 Bxb6 38.Nf2 Ng6 39.Be2 c4 40.Bf3+ Kc7 41.Bxb6+ Kxb6 42.bxc4 Nc6 43.Nd3 Rc8
44.Bxh5 Rh8 45.Rb1+ Kc7 46.Bxg6 fxg6 47.Nc5 Rxh4 48.Rb7+ Kc8 49.Rxg7 Rxf4
50.Rg8+  1-0

[Event "XXIII Krakow Open"]
[Site "Krakow POL"]
[Date "2012.12.28"]
[Round "2.6"]
[White "Pohjala,H"]
[Black "Baryshpolets,A"]
[Result "0-1"]
[WhiteElo "2312"]
[BlackElo "2502"]

1.d4 Nf6 2.Bg5 Ne4 3.Bf4 c5 4.f3 Qa5+ 5.c3 Nf6 6.d5 Qb6 7.b3 e6 8.e4 exd5
9.exd5 Bd6 10.Bg5 Be7 11.c4 O-O 12.Ne2 d6 13.Nbc3 Qd8 14.Be3 Re8 15.Qd2 Na6
16.g3 Bf8 17.Bg2 Nb4 18.Bf2 Bf5 19.O-O h6 20.g4 Bh7 21.Kh1 Rb8 22.h3 Qe7
23.Nf4 g5 24.Rae1 Qc7 25.Rxe8 Rxe8 26.Nb5 Qb6 27.Qxb4 cxb4 28.Bxb6 axb6  0-1

[Event "36th Zurich Christmas Open"]
[Site "Zuerich SUI"]
[Date "2012.12.28"]
[Round "4.13"]
[White "Fier,A"]
[Black "Zwahr,P"]
[Result "1-0"]
[WhiteElo "2567"]
[BlackElo "2303"]

1.d4 Nf6 2.Bg5 Ne4 3.Bf4 d5 4.e3 c6 5.Bd3 Nd7 6.Ne2 g6 7.Bxe4 dxe4 8.Nbc3 f5
9.d5 Bg7 10.dxc6 bxc6 11.Nd4 Nc5 12.Nxc6 Qb6 13.Be5 Bxe5 14.Nxe5 Qxb2 15.O-O O-O
16.Qd5+ Be6 17.Qxc5 Rac8 18.Nc6  1-0

[Event "CXU Obro New Year 2012"]
[Site "Copenhagen DEN"]
[Date "2012.12.30"]
[Round "7.13"]
[White "Thestrup,S"]
[Black "Vesterli,M"]
[Result "1/2-1/2"]
[WhiteElo "2072"]
[BlackElo "2019"]

1.d4 Nf6 2.Bg5 Ne4 3.h4 c5 4.dxc5 Qa5+ 5.Nd2 Nxd2 6.Qxd2 Qxc5 7.O-O-O d6
8.e4 Be6 9.Kb1 Nc6 10.Be3 Qa5 11.Qxa5  1/2-1/2

[Event "29th Travemuender Schach-Open"]
[Site "Travemuende GER"]
[Date "2012.12.30"]
[Round "7.7"]
[White "Fries Nielsen,JO"]
[Black "Homuth,M"]
[Result "1-0"]
[WhiteElo "2365"]
[BlackElo "2155"]

1.d4 Nf6 2.Bg5 Ne4 3.Bh4 c5 4.f3 Qa5+ 5.c3 Nf6 6.d5 d6 7.e4 g6 8.Nd2 Bg7
9.a4 O-O 10.Nc4 Qc7 11.Ne2 Nbd7 12.Nc1 Nb6 13.Na3 Nbd7 14.Be2 a6 15.O-O Rb8
16.Kh1 Re8 17.Nb3 Nf8 18.Nd2 e6 19.dxe6 Bxe6 20.Ndc4 Red8 21.Bg3 Ne8 22.a5 Rd7
23.Nb6 Re7 24.Nac4 Rd8 25.Ne3 Qc6 26.Qc2 Nf6 27.Bh4 Ree8 28.Rfd1 N8d7 29.Nbd5 Bxd5
30.Nxd5 Rc8 31.Bc4 Nxd5 32.Bxd5 Qc7 33.Qb3 c4 34.Qxb7 Nc5 35.Qxc7 Rxc7 36.Bxc4 Nxe4
37.Bxa6 Ra8 38.fxe4 Rxa6 39.Bd8 Rc4 40.Bb6 Be5 41.Bd4 f6 42.b3 Rc7 43.Bxe5 fxe5
44.c4 Rb7 45.Ra3 Kf7 46.Rd5 Ke6 47.Kg1  1-0

[Event "18th Bosnjaci Open"]
[Site "Bosnjaci CRO"]
[Date "2013.01.08"]
[Round "8.2"]
[White "Sedlak,N"]
[Black "Zufic,M"]
[Result "1-0"]
[WhiteElo "2575"]
[BlackElo "2439"]

1.d4 Nf6 2.Bg5 Ne4 3.Bf4 c5 4.d5 Qb6 5.Nd2 Nxd2 6.Bxd2 Qxb2 7.Nf3 Qb6 8.Bc3 d6
9.e4 Bg4 10.h3 Bxf3 11.gxf3 Nd7 12.f4 a6 13.a4 Rg8 14.e5 g6 15.e6 Nf6 16.a5 Qc7
17.exf7+ Kxf7 18.h4 Bg7 19.Bh3 Nh5 20.Be6+ Kf8 21.Bxg7+ Kxg7 22.f5 Rgf8 23.Qd2 c4
24.Rg1 c3 25.Qd4+ Nf6 26.h5 Qc5 27.Qh4 Rab8 28.Rxg6+ hxg6 29.h6+ Kh7 30.fxg6+ Kxg6
31.Qg3+ Kxh6 32.Qf4+ Kg7 33.Qg3+ Kh8 34.Ra4 Nh7 35.Rh4 Qxf2+ 36.Qxf2 Rxf2
37.Kxf2 Kg7 38.Rg4+ Kh6 39.Rb4 Nf6 40.Ke3 Kg5 41.Kd3 Ne8 42.Rg4+ Kf6 43.Rf4+ Kg6
44.Rf8 b6 45.axb6 Rxb6 46.Rxe8 Rb7 47.Ra8 Rb6 48.Kxc3  1-0

[Event "Paul Keres Mem FIDE 2013"]
[Site "Tallin EST"]
[Date "2013.01.14"]
[Round "3.5"]
[White "Kaunas,K"]
[Black "Sirosh,Ilja"]
[Result "0-1"]
[WhiteElo "2250"]
[BlackElo "1987"]

1.d4 Nf6 2.Bg5 Ne4 3.Bf4 e5 4.Bxe5 Nc6 5.Nf3 d5 6.Nbd2 f6 7.Bf4 g5 8.Be3 Bf5
9.c3 Qd7 10.Nxe4 Bxe4 11.Nd2 Bg6 12.h4 g4 13.g3 O-O-O 14.Bg2 Bd6 15.Nf1 Ne7
16.Qd2 Rhe8 17.Bf4 Nf5 18.h5 Bf7 19.O-O-O Bxf4 20.gxf4 Qa4 21.Kb1 Rd6 22.e3 Rb6
23.Qc2 Qd7 24.Re1 Nd6 25.Nd2 Be6 26.e4 dxe4 27.Nxe4 Nc4 28.Nc5 Qb5 29.Ka1 Bf7
30.b3 Nd6 31.c4 Qa5 32.Nd3 Rxe1+ 33.Rxe1 Ra6 34.c5 Nb5 35.Qb2 Nxd4 36.Kb1  0-1

[Event "5th Chennai Open 2013"]
[Site "Chennai IND"]
[Date "2013.01.18"]
[Round "3"]
[White "Shyam,N"]
[Black "Matta,V"]
[Result "1-0"]
[WhiteElo "2411"]
[BlackElo "2182"]

1.d4 Nf6 2.Bg5 Ne4 3.Bf4 c5 4.f3 Qa5+ 5.c3 Nf6 6.Nd2 cxd4 7.Nb3 Qb6 8.cxd4 d5
9.e3 Nc6 10.Ne2 a5 11.a4 Nh5 12.Bg5 Nb4 13.Nc3 Qg6 14.Bh4 Bd7 15.Rc1 f5 16.Qd2 Kf7
17.Nc5 Bc6 18.Nb5 e6 19.Nc7 Bxc5 20.Rxc5 Rac8 21.Nb5 Bxb5 22.Bxb5 Rxc5 23.dxc5 Rc8
24.O-O Rxc5 25.Rc1 b6 26.Rxc5 bxc5 27.Qc3 f4 28.e4 dxe4 29.Qxc5 Nf6 30.Qc7+ Kf8
31.Qd8+ Kf7 32.Bxf6  1-0

[Event "5th Chennai Open 2013"]
[Site "Chennai IND"]
[Date "2013.01.18"]
[Round "6"]
[White "Ganesh,R"]
[Black "Swathi,G"]
[Result "1/2-1/2"]
[WhiteElo "2000"]
[BlackElo "2254"]

1.d4 Nf6 2.Bg5 Ne4 3.Bf4 d5 4.e3 c5 5.Bd3 Nf6 6.c3 Nc6 7.Nd2 h6 8.h3 e6 9.Ngf3 Be7
10.O-O O-O 11.Ne5 Nxe5 12.Bxe5 b6 13.Bxf6 Bxf6 14.f4 Rb8 15.Qe2 b5 16.b4 cxb4
17.cxb4 Be7 18.a3 a5 19.Rfb1 Bd7 20.Qe1 f6 21.Nb3 a4 22.Nc5 e5 23.Qd2 Bc8
24.Qc2 Bd6 25.Qa2 Bc7 26.Rf1 exf4 27.exf4 Kh8 28.Rae1 g5 29.Qe2 f5 30.g3 Qf6
31.Qf2 Bd6 32.Kh1 gxf4 33.gxf4 Bxc5 34.bxc5 b4 35.Rb1 b3 36.Rg1 Ba6 37.Bxa6 Qxa6
38.Qh4 Qf6 39.Rg5 b2 40.Qh5 Kh7 41.Rg2 Qe6 42.Rbxb2 Rxb2 43.Rxb2 Rg8 44.Rg2 Qe1+
45.Kh2 Rxg2+ 46.Kxg2 Qe4+ 47.Kg3 Qe3+ 48.Kg2  1/2-1/2

[Event "13th ch-CRO 2013"]
[Site "Plitvicka Jezera CRO"]
[Date "2013.01.22"]
[Round "2.1"]
[White "Martinovic,Sa"]
[Black "Palac,M"]
[Result "1/2-1/2"]
[WhiteElo "2538"]
[BlackElo "2579"]

1.d4 Nf6 2.Bg5 Ne4 3.Bf4 c5 4.f3 Qa5+ 5.c3 Nf6 6.d5 e6 7.e4 exd5 8.exd5 d6
9.Qd2 Be7 10.c4 Qd8 11.Nc3 O-O 12.Bd3 Nbd7 13.Qc2 a6 14.a4 Re8 15.Nge2 Bf8
16.O-O Ne5 17.Bg5 h6 18.Bh4 Nxd3  1/2-1/2

[Event "Asian Zone 3.3"]
[Site "Tagaytay City PHI"]
[Date "2013.01.24"]
[Round "4.10"]
[White "Tran Tuan Minh"]
[Black "Dimakiling,O"]
[Result "1-0"]
[WhiteElo "2306"]
[BlackElo "2427"]

1.d4 Nf6 2.Bg5 Ne4 3.Bf4 d5 4.f3 Nd6 5.Nc3 c6 6.e4 e6 7.Qd2 b5 8.Bd3 Nc4
9.Bxc4 bxc4 10.Nge2 Nd7 11.O-O Be7 12.Bg3 O-O 13.f4 f5 14.e5 a5 15.Kh1 Nb6
16.Bf2 Bd7 17.Nd1 Be8 18.Ne3 Bg6 19.b3 Qc7 20.c3 cxb3 21.axb3 Rfb8 22.c4 Bb4
23.Qd3 dxc4 24.bxc4 Qd7 25.Be1 Bh5 26.Ng3 Bf7 27.Ne2 c5 28.h3 h6 29.Kh2 a4
30.d5 a3 31.Bxb4 cxb4 32.Nd4 exd5 33.Nexf5 Be6 34.Nxh6+ Kh8 35.Qg6 Re8 36.f5 gxh6
37.Nxe6 Rxe6 38.fxe6 Qg7 39.Qxg7+ Kxg7 40.c5 Nc4 41.Rf7+ Kg8 42.Rb7 Re8 43.c6 Rxe6
44.c7 Rc6 45.e6 Nd6 46.Rxb4 Rxc7 47.Rxa3 Re7 48.Rd3 Ne8 49.Rb6 Nf6 50.Kg3 Rg7+
51.Kf4 Rxg2 52.Rg3+ Rxg3 53.Kxg3 d4 54.e7 Ne8 55.Rxh6 Kf7 56.Rh4 Ng7 57.Rh7  1-0

[Event "11th Gibraltar Masters"]
[Site "Caleta ENG"]
[Date "2013.01.25"]
[Round "4.38"]
[White "Hoang Thanh Trang"]
[Black "Tari,A"]
[Result "1-0"]
[WhiteElo "2469"]
[BlackElo "2268"]

1.d4 Nf6 2.Bg5 Ne4 3.Bf4 c5 4.f3 Qa5+ 5.c3 Nf6 6.d5 Qb6 7.Bc1 e6 8.e4 exd5
9.exd5 Qc7 10.c4 Bd6 11.Ne2 O-O 12.Nbc3 a6 13.a4 Re8 14.Kf2 Bf8 15.Ng3 d6
16.Bd3 Nbd7 17.f4 g6 18.h3 Bg7 19.Be3 Nf8 20.Re1 h5 21.Kg1 h4 22.Nf1 Bf5
23.Bxf5 gxf5 24.Bf2 Ng6 25.Ne3 Qd7 26.Qc2 Ne4 27.Nxe4 Rxe4 28.Nxf5 Rxf4 29.Nxg7 Kxg7
30.Be3 Rf5 31.Rf1 Rxf1+ 32.Rxf1 Qe7 33.Bd2 f6 34.Kh1 Ne5 35.Qf5 Rh8 36.Bc3 Rh6
37.Rf4 Qd7 38.Qe4 Rg6 39.a5 Rg5 40.Qe1 Qe8 41.Qxh4 Qg6 42.Rf2 Rf5 43.Rxf5 Qxf5
44.Bxe5 Qxe5 45.Qg4+ Kh6 46.b3 f5 47.Qg8 Kh5 48.Qe6 Qf4 49.Qe2+ Kg5 50.Kg1 Kg6
51.Qf2 Qe5 52.Qf3 Kg5 53.Kf2 Kf6 54.Qe3 Qb2+ 55.Kg1 Qa1+ 56.Kh2 Qxa5 57.Qe6+ Kg5
58.Qe7+ Kh5 59.Qxd6 Qc3 60.Qg3 Qd4 61.h4 Qf6 62.d6  1-0

[Event "11th Gibraltar Masters"]
[Site "Caleta ENG"]
[Date "2013.01.25"]
[Round "4.55"]
[White "Bellon Lopez,JuM"]
[Black "Kvisla,J"]
[Result "1-0"]
[WhiteElo "2404"]
[BlackElo "2148"]

1.d4 Nf6 2.Bg5 Ne4 3.Bh4 c5 4.f3 g5 5.fxe4 gxh4 6.Nc3 cxd4 7.Qxd4 Rg8 8.e5 Qa5
9.Nf3 Nc6 10.Qe4 h3 11.gxh3 d6 12.e3 dxe5 13.O-O-O f5 14.Qh4 Be6 15.Ng5 Bxa2
16.Be2 Rg6 17.Qxh7 Rxg5 18.Rhg1 Rg7 19.Rxg7 Bxg7 20.Qxg7  1-0